| 000 | 00897nam a2200289 a 4500 | ||
|---|---|---|---|
| 999 |
_c1730 _d1730 |
||
| 001 | 1730 | ||
| 003 | BD-JhCC | ||
| 005 | 20220130134020.0 | ||
| 008 | 940106s1994 nyua b 001 0 eng | ||
| 020 |
_a0671864416 : _c$23.00 ($29.50 Can.) |
||
| 035 | _a(BD-JhCC)1730 | ||
| 040 |
_aDLC _cDLC _dDLC |
||
| 041 | _aeng | ||
| 050 | 0 | 0 |
_aBJ1581.2 _b.C66 1994 |
| 082 | 0 | 0 |
_a158/.1 _220 _bCOV 1994 |
| 100 | 1 | _aCovey, Stephen R. | |
| 245 | 1 | 0 |
_aFirst things first : _bto live, to love, to learn, to leave a legacy / _cStephen R. Covey, A. Roger Merrill, Rebecca R. Merrill. |
| 260 |
_aNew York : _bSimon & Schuster, _cc1994. |
||
| 300 |
_a360 p. : _bill. ; _c25 cm. |
||
| 504 | _aIncludes bibliographical references and index. | ||
| 650 | 0 | _aConduct of life. | |
| 650 | 0 | _aTime management. | |
| 700 | 1 | _aMerrill, A. Roger. | |
| 700 | 1 | _aMerrill, Rebecca R. | |
| 942 |
_2ddc _cBK _04 |
||